00277 a2200121 450000100060000000300050000608200180001110000210002924500460005026000310009630000100012750000180013790411NUST a809.89282 DAR aDarlison Aleesah aUnicorn Riders : Ellabeth's TesthEnglish aLondonbWalker Booksc2011 a126p. aGeneral Books